Movies Quiz

Random Movies or Role Quiz

Same Role, Different Actors II Quiz Stats

 Plays Quiz Updated Nov 13, 2012

Challenge
Share
Tweet
Score 0/25 Timer 06:00
2 Plays Today
% Correct
James Bond
96.9%
Sean Connery
61.8%
Mel Gibson
61.2%
Daniel Craig
59.2%
Jim Carrey
57.8%
Pierce Brosnan
57.8%
Christian Bale
54.2%
Michael Caine
51.2%
Count Dracula
49.7%
Jesus Christ
44.3%
Timothy Dalton
42.9%
Leslie Nielsen
42%
Willem Dafoe
38.8%
% Correct
Ethan Hawke
36%
Gary Oldman
35.9%
Hamlet
34.1%
Christopher Lee
30%
Kenneth Branagh
27.7%
Bela Lugosi
21.8%
Jim Caviezel
18.4%
Ebenezer Scrooge
17.9%
Laurence Olivier
17.5%
George C. Scott
16.7%
Albert Finney
15.4%
Max von Sydow
11.9%

You're not logged in!

Compare scores with friends on all Sporcle quizzes.
Join for Free
OR
Log In

You Might Also Like...

Show Comments

Extras

Top Quizzes Today


Score Distribution

Your Account Isn't Verified!

In order to create a playlist on Sporcle, you need to verify the email address you used during registration. Go to your Sporcle Settings to finish the process.

Report this User

Report this user for behavior that violates our Community Guidelines.

Details: